000 00600nam a2200241Ia 4500
003 OSt
005 20221005060407.0
006 a|||||r|||| 00| 0
007 ta
008 221004b |||||||| |||| 00| 0 eng d
024 _a44798
037 _cTextual
040 _aCRL
_cCRL
_beng
041 _2eng
_aeng
082 _aP.1, N5
100 _aKatzner Kenneth
_9323557
245 0 _aLanguages of the world
260 _aLondon
_bRoutledge
_c1995
300 _a378p
_ccm.
650 _aLINGUISTICS
942 _hP.1, N5
_cTEXL
_2cc
999 _c966598
_d966598